Animal Connections Quiz Stats

Quiz Updated Dec 22, 2011

Challenge
Share
Tweet
Embed
Score 0/20 Timer 06:00
1 Play Today
Film Animal % Correct
1992 Harvey Keitel movieReservoir Dogs + Who Let The Dogs Out
70.9%
2002 Tobey Maguire movieSpider-Man + The Very Busy Spider
64.7%
2006 Samuel L. Jackson movieSnakes on a Plane + Snake Jailbird
63.5%
2005 Morgan Freeman movieMarch Of The Penguins + The Penguin
58%
2005 Christian Bale movieBatman Begins + Die Fledermaus
53.5%
1975 Jack Nicholson movieOne Flew Over the Cuckoo's Nest + The Midwich Cuckoos
52.3%
1991 Anthony Hopkins movieSilence of the Lambs + Mary Had a Little Lamb
51.3%
1986 Paul Hogan movieCrocodile Dundee + Crocodile Rock
49.7%
1990 Kevin Costner movieDances with Wolves + Peter and the Wolf
48.3%
1988 John Cleese movieA Fish Called Wanda + Gone Fishin
38.8%
Film Animal % Correct
2001 Josh Hartnett movieBlack Hawk Down + 'Hawkeye' Pierce
37.8%
1990 Mel Gibson movieBird on a Wire + Freebird
35%
1988 Bob Hoskins movieWho Framed Roger Rabbit? + Rabbit, Run
33.4%
1976 Michael Caine movieThe Eagle Has Landed + Fly Like an Eagle
21.1%
1980 John Hurt movieThe Elephant Man + The Fifth Elephant
18.9%
1995 Bruce Willis movieTwelve Monkeys + Evil Monkey
17.8%
1968 Katharine Hepburn movieThe Lion in Winter + The Lion Sleeps Tonight
16.8%
1973 Steve McQueen moviePapillon + Madame Butterfly
16.4%
1969 Jane Fonda movieThey Shoot Horses, Don't They? + Wild Horses
12.9%
1979 Donald Sutherland movieBear Island + The Clan Of The Cave Bear
12.5%

You're not logged in!

Compare scores with friends on all Sporcle quizzes.
Join for Free
OR
Log In

You Might Also Like...

Show Comments

Extras

Top Quizzes Today


Score Distribution

Your Account Isn't Verified!

In order to create a playlist on Sporcle, you need to verify the email address you used during registration. Go to your Sporcle Settings to finish the process.

Report this User

Report this user for behavior that violates our Community Guidelines.

Details: